| 000 | 00328nam a22001217a 4500 | ||
|---|---|---|---|
| 999 |
_c66722 _d66719 |
||
| 082 | _aR/4CE16 | ||
| 100 |
_aMuhammad Yahya _a16CE43 |
||
| 245 | _aStructural Behavior of Partially Pre Stressed Neem Tree Beams | ||
| 260 |
_aNawabshah _bQUEST _c2019 |
||
| 300 | _a40 | ||
| 700 | _aDepartment of Civil Engineering | ||
| 942 | _cTHESIS | ||